[Event "Panamericano Sub 18 Absoluto"]
[Site "Cali, COL"]
[Date "2011.07.03"]
[Round "1.01"]
[White "Rios, Cristhian Camilo"]
[Black "Dominguez, Oscar"]
[Result "1-0"]
[WhiteElo "2409"]
[BlackElo "2013"]

1. d4 Nf6 2. c4 g6 3. Nc3 Bg7 4. e4 d6 5. Nf3 O-O 6. Be2 e5 7. O-O Nc6 8. d5
Ne7 9. b4 Nh5 10. Re1 f5 11. Ng5 Nf6 12. Bf3 h6 13. Ne6 Bxe6 14. dxe6 c6 15.
b5 fxe4 16. Nxe4 Nxe4 17. Bxe4 d5 18. Ba3 dxe4 19. Qxd8 Rfxd8 20. Bxe7 Re8
21. Bc5 Rxe6 22. Red1 Bf8 23. Be3 cxb5 24. cxb5 a6 25. b6 Rc8 26. Rd7 Re7 27.
Rad1 Kf7 28. Rd8 Rc6 29. R1d7 Rc2 30. a4 Rc4 31. g4 a5 32. Rd5 Re6 33. Rxa5 g5
34. Ra7 Re7 35. a5 Rc3 36. a6 bxa6 37. b7 Rb3 38. b8=Q Rxb8 39. Rxe7+ 1-0

[Event "Panamericano Sub 18 Absoluto"]
[Site "Cali, COL"]
[Date "2011.07.03"]
[Round "1.02"]
[White "Salazar Loor, Rodger"]
[Black "Bassan, Remo"]
[Result "1/2-1/2"]
[WhiteElo "2040"]
[BlackElo "2356"]

1. e4 c5 2. Ne2 Nc6 3. d4 cxd4 4. Nxd4 e6 5. Nb5 Nf6 6. N1c3 Bb4 7. Bg5 a6 8.
Nd6+ Ke7 9. Nc4 h6 10. Bxf6+ gxf6 11. a4 Qc7 12. Qd3 Rg8 13. Qe3 Rg5 14. f4
Rc5 15. Bd3 Na5 16. Nxa5 Qxa5 17. Ke2 Bxc3 18. bxc3 Rxc3 19. Rhe1 Qc5 20. Kd2
d6 21. e5 dxe5 22. fxe5 Qxe3+ 23. Rxe3 Rc5 24. exf6+ Kxf6 25. Rf1+ Kg7 26.
Ref3 f5 27. g4 Kf6 28. gxf5 exf5 29. Rh3 Kg7 30. Rg1+ Kh7 31. Rhg3 Rc7 32. Rg8
b5 33. axb5 axb5 34. Bxb5 Ra5 35. Bd3 Ba6 36. Rd8 Bxd3 37. Rxd3 Rac5 38. c3
Ra5 39. Ke3 Ra2 40. h3 Re7+ 41. Kf3 Rh2 42. Rg3 Ra2 43. Rd5 Rf7 44. Rd6 Ra4
1/2-1/2

[Event "Panamericano Sub 18 Absoluto"]
[Site "Cali, COL"]
[Date "2011.07.03"]
[Round "1.03"]
[White "Salinas Herrera, Pablo"]
[Black "Esquivia Cuadrado, Franklin"]
[Result "1-0"]
[WhiteElo "2294"]
[BlackElo "1956"]

1. e4 e6 2. d4 d5 3. Nc3 Bb4 4. e5 c5 5. a3 Bxc3+ 6. bxc3 Ne7 7. Qg4 cxd4 8.
cxd4 Qc7 9. Kd1 O-O 10. Bd3 f5 11. exf6 Rxf6 12. Ne2 Nbc6 13. Qh5 g6 14. Qh4
Rf7 15. f4 Qb6 16. c3 Bd7 17. Rb1 Qc7 18. g4 a6 19. Qg3 Na7 20. Bc2 Bb5 21.
Re1 Bxe2+ 22. Rxe2 Nb5 23. Rxb5 axb5 24. Rxe6 Rc8 25. Bd2 Nc6 26. Qe3 Re7 27.
Bb3 Qd7 28. Rxe7 Nxe7 29. f5 gxf5 30. Qe5 Rc6 31. gxf5 Qd6 32. Qe2 Qxa3 33.
Qxb5 Qa1+ 34. Kc2 1-0

[Event "Panamericano Sub 18 Absoluto"]
[Site "Cali, COL"]
[Date "2011.07.03"]
[Round "1.04"]
[White "Escobar, Guido Jose"]
[Black "Espinoza Palomino, Willyam"]
[Result "0-1"]
[WhiteElo "1955"]
[BlackElo "2259"]

1. e4 e5 2. Nf3 Nc6 3. Bb5 a6 4. Ba4 Nf6 5. O-O Be7 6. Re1 b5 7. Bb3 d6 8. c3
O-O 9. h3 Na5 10. Bc2 c5 11. d4 Qc7 12. Nbd2 cxd4 13. cxd4 Nc6 14. Nf1 exd4
15. Bb3 Qb6 16. Bd5 Nxd5 17. exd5 Ne5 18. Nxd4 Bf6 19. Be3 Nc4 20. Nc6 Nxe3
21. Rxe3 Bxb2 22. Rb1 Bf6 23. Rb4 Bd7 24. Ne7+ Kh8 25. Qf3 Rae8 26. Rbe4 Qd8
27. Nf5 Rxe4 28. Rxe4 Bxf5 29. Qxf5 a5 30. Qf3 Be5 31. Qd3 Qb6 32. Ne3 Qc5 33.
Rh4 g6 34. Nf1 Rc8 35. Qd2 Bf6 36. Rf4 Bg5 37. Qb2+ Kg8 38. Rf3 Qxd5 39. Qa3
b4 40. Qa4 Rc1 41. Qe8+ Kg7 42. Qe2 Bf6 43. Rb3 Bc3 44. Qf3 Qxf3 45. gxf3 a4
0-1

[Event "Panamericano Sub 18 Absoluto"]
[Site "Cali, COL"]
[Date "2011.07.03"]
[Round "1.05"]
[White "Torres, Juan Camilo"]
[Black "Martinez Sanchez, David R"]
[Result "1-0"]
[WhiteElo "2206"]
[BlackElo "1940"]

1. d4 Nf6 2. c4 g6 3. Nf3 Bg7 4. Nc3 d5 5. Bf4 c6 6. e3 O-O 7. h3 b6 8. Rc1
dxc4 9. Bxc4 Nd5 10. Bxd5 cxd5 11. Nb5 Na6 12. O-O Bb7 13. Qb3 Qd7 14. Ne5
Bxe5 15. Bxe5 Bc6 16. a4 Rfc8 17. Rc3 Bxb5 18. axb5 Rxc3 19. bxc3 Nc7 20. Bxc7
Qxc7 21. Qxd5 Rc8 22. Rc1 e6 23. Qa2 Qc4 24. Qxc4 Rxc4 25. Kf1 Kf8 26. Ke2 Ra4
27. Kd3 Ke7 28. c4 Kd6 29. Kc3 a5 30. bxa6 Rxa6 31. Rc2 Ra1 32. Kb3 Rg1 33.
g3 Rb1+ 34. Rb2 Rc1 35. Ra2 Rf1 36. Kc3 Kc6 37. Kd3 f6 38. Ra7 Rxf2 39. Rxh7
Rg2 40. g4 Rg3 41. Rh6 Rf3 42. Ke2 Rg3 43. Kf2 1-0

[Event "Panamericano Sub 18 Absoluto"]
[Site "Cali, COL"]
[Date "2011.07.03"]
[Round "1.06"]
[White "Crespo Hidalgo, Carlos"]
[Black "Mamani, Joan Franco"]
[Result "0-1"]
[WhiteElo "1939"]
[BlackElo "2126"]

1. d4 d6 2. c4 g6 3. Nc3 Bg7 4. e4 Nd7 5. Nf3 e5 6. d5 Ne7 7. Be2 O-O 8. O-O
h6 9. Ne1 f5 10. exf5 gxf5 11. f4 e4 12. g4 Nc5 13. Be3 fxg4 14. Bxg4 Nf5 15.
Bc1 Qe7 16. Rb1 h5 17. Bxh5 Rf6 18. Rf2 Rh6 19. Rg2 Kh8 20. Nc2 Bd7 21. Be3
Rg8 22. Qe2 Nd3 23. Ne1 Nxe3 24. Qxe3 Nxe1 25. Rxe1 Rxh5 26. Qxe4 Qxe4 27.
Rxe4 Bxc3 0-1

[Event "Panamericano Sub 18 Absoluto"]
[Site "Cali, COL"]
[Date "2011.07.03"]
[Round "1.07"]
[White "Cadena M, Gustavo Adolfo"]
[Black "Valencia, Adrian David"]
[Result "1-0"]
[WhiteElo "2107"]
[BlackElo "1901"]

1. d4 Nf6 2. c4 g6 3. Nc3 Bg7 4. e4 d6 5. f4 O-O 6. Nf3 c6 7. Be2 Nbd7 8. O-O
Qc7 9. e5 Ne8 10. Be3 a6 11. Qd2 e6 12. c5 dxc5 13. dxc5 f6 14. Nd4 Nxc5 15.
b4 fxe5 16. fxe5 Nd7 17. Nxe6 Rxf1+ 18. Rxf1 Qxe5 19. Nxg7 Nxg7 20. Bc4+ Ne6
21. Bd4 Qd6 22. Ne4 Qe7 23. Qh6 1-0

[Event "Panamericano Sub 18 Absoluto"]
[Site "Cali, COL"]
[Date "2011.07.03"]
[Round "1.08"]
[White "Barreto, Gary"]
[Black "Martinez De Negri, Gonzalo"]
[Result "0-1"]
[WhiteElo "1862"]
[BlackElo "2085"]

1. d4 Nf6 2. Nf3 g6 3. g3 Bg7 4. Bg2 O-O 5. O-O c5 6. c4 Nc6 7. d5 Na5 8. Qc2
d6 9. e4 a6 10. Bd2 b5 11. cxb5 axb5 12. Re1 Bb7 13. Na3 b4 14. Nc4 Nxc4 15.
Qxc4 Nd7 16. Qb3 Ba6 17. Bf1 Qb6 18. Be3 Bxf1 19. Rxf1 Rfb8 20. Nd2 Qb5 21.
Nc4 Nb6 22. Nxb6 Rxb6 23. Rfb1 Rba6 24. Rc1 Qa4 25. Rab1 Qxa2 26. Qc2 Qa4 27.
Qc4 Qd7 28. Kg2 Ra2 29. Rc2 Qa4 30. Qd3 b3 31. Re2 c4 32. Qd1 c3 33. bxc3
Rxe2 34. Qxe2 Qxe4+ 35. f3 Qxb1 0-1

[Event "Panamericano Sub 18 Absoluto"]
[Site "Cali, COL"]
[Date "2011.07.03"]
[Round "1.09"]
[White "Diaz Rosas, Julio Cesar"]
[Black "Solano, David"]
[Result "1-0"]
[WhiteElo "2084"]
[BlackElo "1812"]

1. e4 c6 2. Nf3 d5 3. exd5 cxd5 4. d4 Nc6 5. c4 Nf6 6. Nc3 Bg4 7. Be3 e5 8.
dxe5 Nxe5 9. cxd5 Bb4 10. Qa4+ Qd7 11. Qxb4 Nxd5 12. Nxd5 Nxf3+ 13. gxf3 Qxd5
14. Bb5+ Bd7 15. Bxd7+ Qxd7 16. Rd1 Qe6 1-0

[Event "Panamericano Sub 18 Absoluto"]
[Site "Cali, COL"]
[Date "2011.07.03"]
[Round "1.12"]
[White "Versosa Bravo, Johann"]
[Black "Cutipa, Elfer"]
[Result "1/2-1/2"]
[WhiteElo "1965"]
[BlackElo "2090"]

1. d4 d5 2. Nf3 e6 3. c4 Nf6 4. Nc3 Be7 5. Bg5 O-O 6. e3 h6 7. Bh4 b6 8. cxd5
Nxd5 9. Nxd5 exd5 10. Bxe7 Qxe7 11. Bd3 c5 12. Rc1 Be6 13. Bb1 Nd7 14. O-O
Rfd8 15. Re1 Nf6 16. Ne5 Rac8 17. Qa4 Qb7 18. dxc5 bxc5 19. Qa3 Qb6 20. Nd3
Nd7 1/2-1/2

[Event "Panamericano Sub 18 Absoluto"]
[Site "Cali, COL"]
[Date "2011.07.03"]
[Round "1.14"]
[White "Meza Ponce, Jerry"]
[Black "Abarca Gonzalez, Nicolas"]
[Result "1/2-1/2"]
[WhiteElo "2073"]
[BlackElo "2098"]

1. e4 c5 2. Nf3 d6 3. d4 cxd4 4. Nxd4 Nf6 5. Nc3 g6 6. f3 Bg7 7. Be3 O-O 8.
Qd2 Nc6 9. Bc4 Bd7 10. Bb3 Qa5 11. O-O-O Rfc8 12. Kb1 Ne5 13. Bg5 Kf8 14. Rhe1
Ng8 15. f4 Nc4 16. Bxc4 Rxc4 17. Nb3 Bxc3 18. Nxa5 Bxd2 19. Rxd2 Rc7 20. h3
Rac8 1/2-1/2

[Event "Panamericano Sub 18 Absoluto"]
[Site "Cali, COL"]
[Date "2011.07.04"]
[Round "2.02"]
[White "Martinez De Negri, Gonzalo"]
[Black "Salinas Herrera, Pablo"]
[Result "0-1"]
[WhiteElo "2085"]
[BlackElo "2294"]

1. e4 c5 2. Nf3 d6 3. d4 cxd4 4. Nxd4 Nf6 5. Nc3 a6 6. Qf3 e6 7. g4 h6 8. Be3
g5 9. O-O-O Nbd7 10. h3 Ne5 11. Qg3 Be7 12. Kb1 b5 13. f4 gxf4 14. Bxf4 Nfd7
15. Qf2 Bb7 16. Bg2 Qc7 17. Rhf1 Rh7 18. a3 Nc4 19. Nde2 Nde5 20. Bd2 Qa5
21. Na2 Qc7 22. Nb4 O-O-O 23. Nd4 Kb8 24. Nb3 Rc8 {ilegible} 0-1

[Event "Panamericano Sub 18 Absoluto"]
[Site "Cali, COL"]
[Date "2011.07.04"]
[Round "2.05"]
[White "Mamani, Joan Franco"]
[Black "Benitez Lozano, Javier"]
[Result "0-1"]
[WhiteElo "2126"]
[BlackElo "1994"]

1. e4 e5 2. Nc3 Nf6 3. Nf3 Nc6 4. g3 Bc5 5. Bg2 O-O 6. O-O d6 7. d3 a6 8. Bg5
Be6 9. Nd5 Bxd5 10. exd5 Ne7 11. d4 exd4 12. Nxd4 Ng6 13. Nf5 h6 14. Bd2 Ne7
15. Nxe7+ Qxe7 16. b4 Bb6 17. c4 Rae8 18. Re1 Qd7 19. Qc2 Bd4 20. Rxe8 Rxe8
21. Rf1 Qg4 22. Qd3 Bb6 23. Bf3 Qd4 24. Qxd4 Bxd4 25. Rc1 g5 26. Kf1 Nd7 27.
Be2 Kg7 28. Rd1 Be5 29. Be3 f5 30. f3 Bxg3 31. Bg1 Bf4 32. c5 Be3 33. c6 bxc6
34. dxc6 Nb8 35. Bxe3 Rxe3 36. Rc1 Ra3 37. Rc2 Kf6 38. Kf2 Ke5 39. Bf1 d5
40. b5 axb5 41. Bxb5 Kd6 42. Ke2 Na6 43. Rb2 Nc5 44. Rd2 Na4 45. Kf2 Nc3 46.
Bc4 Kxc6 47. Bb3 Kc5 48. Kg3 Ra8 49. h4 Re8 50. hxg5 hxg5 51. Rh2 Ne2+ 52. Kf2
Nc1 53. Rh7 Nxb3 54. axb3 c6 55. Rf7 Re5 56. Rb7 f4 57. Rb8 Re3 58. b4+ Kc4
59. Rc8 Re6 60. Rg8 Kxb4 61. Rxg5 Rf6 62. Re5 Kc4 63. Ke2 c5 64. Re8 d4 65.
Kd2 Rh6 66. Re7 Rh2+ 0-1

[Event "Panamericano Sub 18 Absoluto"]
[Site "Cali, COL"]
[Date "2011.07.04"]
[Round "2.10"]
[White "Guerrero Zambrano, Joel"]
[Black "Versosa Bravo, Johann"]
[Result "1-0"]
[WhiteElo "2046"]
[BlackElo "1965"]

1. e4 c5 2. Nf3 d6 3. d4 cxd4 4. Nxd4 Nf6 5. Nc3 a6 6. Be2 e6 7. Be3 Nbd7 8.
Nb3 b5 9. a3 Bb7 10. f3 d5 11. exd5 Nxd5 12. Nxd5 Bxd5 13. Nd2 Bc5 14. Bxc5
Nxc5 15. O-O Qf6 16. c3 O-O 17. Qc2 Rfd8 18. c4 bxc4 19. Nxc4 Rab8 20. b4 Nb7
21. Qb2 Bxc4 22. Qxf6 gxf6 23. Bxc4 a5 24. Rab1 axb4 25. axb4 Nd6 26. Bd3 Rb6
27. Rf2 Rdb8 28. Rfb2 f5 29. Kf2 e5 30. b5 f6 31. Rc2 R8b7 32. g3 Kf7 33.
Rc5 Ra7 34. Rb2 Ra3 35. Be2 Ra7 36. Ke1 Ke6 37. Kd2 e4 38. Kc2 Ra3 39. f4 Ra5
40. Kc3 Kd7 41. Kb4 Ra1 42. Rd2 Ke6 43. Rc7 e3 44. Rb2 h6 45. Rb3 Ne4 46. Rxe3
Ra2 47. Bc4+ Kd6 48. Rf7 Rb2+ 49. Bb3 Rd2 50. Ka5 Rb8 51. b6 Kc5 52. Rc7+
Kd4 53. Rf3 Nc5 54. Kb5 Nb7 55. Rfc3 1-0

[Event "Panamericano Sub 18 Absoluto"]
[Site "Cali, COL"]
[Date "2011.07.04"]
[Round "2.11"]
[White "Dominguez, Oscar"]
[Black "Valencia, Adrian David"]
[Result "1-0"]
[WhiteElo "2013"]
[BlackElo "1901"]

1. e4 c5 2. Nf3 d6 3. d4 cxd4 4. Nxd4 Nf6 5. Nc3 a6 6. Bc4 e6 7. Bb3 Be7 8.
f4 O-O 9. Be3 Nc6 10. Qf3 Bd7 11. O-O Rc8 12. f5 Ne5 13. Qh3 exf5 14. Nxf5
Bxf5 15. Rxf5 Qd7 16. Raf1 Nfg4 17. Nd5 Nxe3 18. Qxe3 Bd8 19. Qg3 b5 20. Nf4 a5
21. Kh1 a4 22. Be6 Qc7 23. Nh5 g6 24. Bxc8 Qxc8 25. R5f2 Ng4 26. Rf3 Ne5 27.
Rc3 Qb7 28. Nf6+ Bxf6 29. Rxf6 Qxe4 30. Rxd6 Nc4 31. Rd1 Qe2 32. Re1 Qd2 33.
b3 axb3 34. axb3 Na5 35. Qe3 1-0

[Event "Panamericano Sub 18 Absoluto"]
[Site "Cali, COL"]
[Date "2011.07.04"]
[Round "2.12"]
[White "Esquivia Cuadrado, Franklin"]
[Black "Barreto, Gary"]
[Result "1/2-1/2"]
[WhiteElo "1956"]
[BlackElo "1862"]

1. e4 e6 2. d4 d5 3. Nc3 Nf6 4. Bg5 Be7 5. e5 Nfd7 6. Bxe7 Qxe7 7. f4 a6 8.
Nf3 c5 9. Ne2 Nc6 10. c3 O-O 11. Qd2 b5 12. dxc5 Nxc5 13. Ned4 Bb7 14. Nxc6
Bxc6 15. Bd3 Ne4 16. Bxe4 dxe4 17. Nd4 Bd5 18. O-O f6 19. a3 Bc4 20. Rf2 f5 21.
Rd1 Bd3 22. Qe3 Rac8 23. Qh3 a5 1/2-1/2

[Event "Panamericano Sub 18 Absoluto"]
[Site "Cali, COL"]
[Date "2011.07.04"]
[Round "2.13"]
[White "Solano, David"]
[Black "Escobar, Guido Jose"]
[Result "1/2-1/2"]
[WhiteElo "1812"]
[BlackElo "1955"]

1. c4 e5 2. e4 Nf6 3. Nc3 Bb4 4. d3 O-O 5. Bg5 d6 6. a3 Bc5 7. Nd5 Nbd7 8.
Qf3 c6 9. Nxf6+ Nxf6 10. Ne2 h6 11. Bxf6 Qxf6 12. Qxf6 gxf6 13. Ng3 Kh7 14. Be2
Bd4 15. Rb1 Be6 16. Bf3 b5 17. b3 Bc3+ 18. Ke2 Rfc8 19. Rhc1 Bd4 20. Nf5
Bxf5 21. exf5 1/2-1/2

[Event "Panamericano Sub 18 Absoluto"]
[Site "Cali, COL"]
[Date "2011.07.04"]
[Round "3.01"]
[White "Rios, Cristhian Camilo"]
[Black "Diaz Rosas, Julio Cesar"]
[Result "1-0"]
[WhiteElo "2409"]
[BlackElo "2084"]

1. d4 Nf6 2. c4 g6 3. Nc3 Bg7 4. e4 d6 5. Nf3 O-O 6. Be2 e5 7. O-O Nc6 8. d5
Ne7 9. b4 a5 10. Ba3 axb4 11. Bxb4 Nd7 12. a4 Bh6 13. Ne1 f5 14. f3 Be3+ 15.
Kh1 Bc5 16. Bxc5 Nxc5 17. Nd3 Nxd3 18. Bxd3 b6 19. f4 fxe4 20. Nxe4 Rxf4 21.
Rxf4 exf4 22. Qd2 Qf8 23. Rf1 Rxa4 24. Nc3 Ra8 25. Nb5 Qf6 26. Qxf4 Qxf4 27.
Rxf4 Bf5 28. Nxc7 Rc8 29. Bxf5 Nxf5 30. Nb5 h5 31. g3 Re8 32. Kg1 Re1+ 33.
Kf2 Rh1 34. h3 Rh2+ 35. Kg1 Rxh3 36. Rxf5 Rxg3+ 37. Kf2 Rg4 38. Rf3 Rxc4 39.
Nxd6 Rc2+ 40. Ke1 Rc1+ 41. Kd2 Rc5 42. Rd3 Kf8 43. Ne4 Rc4 44. d6 Ke8 45. d7+
Kd8 46. Ng5 1-0

[Event "Panamericano Sub 18 Absoluto"]
[Site "Cali, COL"]
[Date "2011.07.04"]
[Round "3.02"]
[White "Salinas Herrera, Pablo"]
[Black "Benitez Lozano, Javier"]
[Result "1-0"]
[WhiteElo "2294"]
[BlackElo "1994"]

1. d4 Nf6 2. Nf3 d5 3. c4 e6 4. Nc3 Be7 5. Bf4 c5 6. e3 O-O 7. dxc5 Bxc5 8.
Qc2 Qa5 9. a3 Ne4 10. Rc1 Nc6 11. Bd3 Nxc3 12. Qxc3 Qxc3+ 13. Rxc3 d4 14. exd4
Nxd4 15. Ng5 e5 16. Bg3 f5 17. Bxe5 h6 18. Nh3 f4 19. Nxf4 Nc6 20. Bc7 Rf7
21. Nd5 Bxf2+ 22. Kd1 Bg4+ 23. Kc1 Bd4 24. Rc2 Rc8 25. Bg3 Be5 26. Bg6 Rd7 27.
Bf2 Be6 28. Re1 Rcd8 29. Be4 Rf8 30. Bc5 Rfd8 31. g3 Bf7 32. Bf5 Rxd5 33.
cxd5 Bxd5 34. Rd2 Kh8 35. Red1 b6 36. Rxd5 Rxd5 37. Rxd5 bxc5 38. Rxc5 1-0

[Event "Panamericano Sub 18 Absoluto"]
[Site "Cali, COL"]
[Date "2011.07.04"]
[Round "3.03"]
[White "Torres, Juan Camilo"]
[Black "Bassan, Remo"]
[Result "1-0"]
[WhiteElo "2206"]
[BlackElo "2356"]

1. d4 d5 2. c4 c6 3. Nf3 Nf6 4. Nc3 dxc4 5. a4 e6 6. Bg5 Bb4 7. e4 Bxc3+ 8.
bxc3 Qa5 9. e5 Ne4 10. Bd2 Qd5 11. Qc2 b5 12. Be2 O-O 13. O-O Bb7 14. Rfb1 Rd8
15. Ng5 Nxd2 16. Qxh7+ Kf8 17. Qh8+ Ke7 18. Qxg7 Rf8 19. Nh7 Nd7 20. Qg5+ f6
21. Qxd2 Rg8 22. f3 fxe5 23. h4 exd4 24. Qxd4 Qxd4+ 25. cxd4 Rh8 26. Ng5
Rxh4 27. Ne4 Ba6 28. Rb4 Nb6 29. Nc5 Nd5 30. Nxa6 Nxb4 31. Nxb4 Kd7 32. Nc2 a5
33. Rb1 Rah8 34. Kf2 Rh1 35. Ne1 R8h5 36. f4 Rd5 37. Ke3 Kc7 38. g4 Rd8 39.
Bf3 Rh3 40. axb5 Rb8 41. b6+ Rxb6 42. Rc1 Rb3+ 43. Ke4 c3 44. g5 a4 45. Bg4 Rh1
46. Bxe6 c2 47. Rxc2 Rxe1+ 48. Kf5 Rb5+ 49. Kf6 Kd6 50. f5 a3 51. Ra2 Re3
52. g6 Rg3 53. g7 Rb8 54. Rh2 Rb2 55. Rxb2 axb2 56. Ba2 c5 57. dxc5+ Kxc5 58.
Kf7 Ra3 59. Bb1 Ra1 60. g8=Q Rxb1 61. Qc8+ Kd6 62. Qc2 1-0

[Event "Panamericano Sub 18 Absoluto"]
[Site "Cali, COL"]
[Date "2011.07.04"]
[Round "3.04"]
[White "Meza Ponce, Jerry"]
[Black "Guelgua, Alvaro"]
[Result "1-0"]
[WhiteElo "2073"]
[BlackElo "2076"]

1. e4 e6 2. d3 g6 3. g3 Bg7 4. Bg2 c5 5. Nf3 Nc6 6. c3 e5 7. Nbd2 d6 8. Nc4
h6 9. O-O Be6 10. Ne3 Nge7 11. Ne1 O-O 12. f4 Qd7 13. N1c2 exf4 14. gxf4 f5
15. Nd5 Bf7 16. Nce3 Rac8 17. a4 Kh8 18. a5 Ng8 19. Qa4 fxe4 20. dxe4 Nf6 21.
a6 b5 22. Nxf6 Bxf6 23. Qxb5 Rb8 24. Qd3 g5 25. e5 1-0

[Event "Panamericano Sub 18 Absoluto"]
[Site "Cali, COL"]
[Date "2011.07.04"]
[Round "3.05"]
[White "Rodrigues, Bruno Morado"]
[Black "Espinoza Palomino, Willyam"]
[Result "1/2-1/2"]
[WhiteElo "2053"]
[BlackElo "2259"]

1. e4 e5 2. Nf3 Nc6 3. d4 exd4 4. Nxd4 Nf6 5. Nxc6 bxc6 6. e5 Qe7 7. Qe2 Nd5
8. c4 Nb6 9. g3 g6 10. b3 Bg7 11. Bb2 O-O 12. Nd2 Re8 13. f4 d6 14. Bg2 dxe5
15. O-O-O Bd7 16. Rhe1 a5 17. a4 Rab8 18. Nf3 Qb4 19. Qc2 Bf5 20. Qc3 Qxc3+
21. Bxc3 exf4 22. Bxg7 Kxg7 23. Nd4 Bg4 24. Nxc6 Bxd1 25. Rxd1 Rbc8 26. gxf4
Re2 1/2-1/2

[Event "Panamericano Sub 18 Absoluto"]
[Site "Cali, COL"]
[Date "2011.07.04"]
[Round "3.06"]
[White "Guerrero Zambrano, Joel"]
[Black "Mamani, Joan Franco"]
[Result "0-1"]
[WhiteElo "2046"]
[BlackElo "2126"]

1. e4 d6 2. d4 Nf6 3. Nc3 Nbd7 4. Nf3 e5 5. Bc4 Be7 6. dxe5 dxe5 7. Qe2 O-O
8. O-O c6 9. a4 b6 10. Rd1 Qc7 11. Bg5 a6 12. Rd2 Nc5 13. Bh4 Bg4 14. Bg3 Nfd7
15. h3 Bh5 16. Rad1 Rfd8 17. Qe3 b5 18. axb5 axb5 19. Be2 Bg6 20. Bd3 Ne6
21. Bxb5 Bc5 22. Qe2 cxb5 23. Nxb5 Qc6 24. Nd6 Nd4 25. Nxd4 exd4 26. e5 Nf8 27.
b3 Ne6 28. Qc4 Be4 29. Nxe4 Qxe4 30. b4 Bb6 31. Re2 Qb7 32. Rd3 Rac8 33. Qb3
Qd5 34. Qb2 Ra8 35. Rb3 Rdc8 36. Kh2 Rc4 37. Rd2 Qc6 38. Re2 Rc8 39. Qa2
Rxc2 40. Rxc2 Qxc2 41. Rb2 Qc4 42. Qa4 d3 43. Qd1 Rd8 44. f3 Bd4 45. Rb1 Bc3 46.
b5 Ba5 47. b6 Rb8 48. f4 Rxb6 49. Ra1 Rb5 50. f5 Nf8 0-1

[Event "Panamericano Sub 18 Absoluto"]
[Site "Cali, COL"]
[Date "2011.07.04"]
[Round "3.07"]
[White "Dominguez, Oscar"]
[Black "Cadena M, Gustavo Adolfo"]
[Result "1-0"]
[WhiteElo "2013"]
[BlackElo "2107"]

1. e4 c5 2. Nf3 d6 3. d4 cxd4 4. Nxd4 Nf6 5. Nc3 g6 6. Be3 Bg7 7. f3 O-O 8.
Qd2 Nc6 9. O-O-O d5 10. exd5 Nxd5 11. Nxc6 bxc6 12. Bd4 Nxc3 13. Qxc3 Bh6+ 14.
Be3 Bxe3+ 15. Qxe3 Qb6 16. Qxe7 Be6 17. Qa3 Rfd8 18. Ba6 c5 19. Be2 c4 20.
Qc3 Qf2 21. Rde1 Qxg2 22. h4 Bf5 23. h5 Qg5+ 24. Kb1 Rd2 25. h6 1-0

[Event "Panamericano Sub 18 Absoluto"]
[Site "Cali, COL"]
[Date "2011.07.04"]
[Round "3.08"]
[White "Salazar Loor, Rodger"]
[Black "Abarca Gonzalez, Nicolas"]
[Result "0-1"]
[WhiteElo "2040"]
[BlackElo "2098"]

1. e4 g6 2. d4 Bg7 3. Nf3 d6 4. Bc4 Nf6 5. Nbd2 O-O 6. O-O Nxe4 7. Nxe4 d5 8.
Bd3 dxe4 9. Bxe4 Nd7 10. c3 c5 11. Re1 cxd4 12. Nxd4 Nc5 13. Bc2 e5 14. Nb3
Nxb3 15. axb3 Qc7 16. Be3 Be6 17. Qe2 f5 18. Ra4 b6 19. Rd1 Rfd8 20. Raa1 Bf6
21. Qf3 Kg7 22. g3 Qf7 23. Qc6 Bd5 24. Qa4 Qb7 25. Qa6 Qc7 26. Qa4 a6 27.
Qb4 b5 28. Qc5 Qf7 29. c4 bxc4 30. bxc4 Bxc4 31. Rxd8 Rxd8 32. Rd1 Rxd1+ 33.
Bxd1 Qd7 34. Qxc4 Qxd1+ 35. Kg2 Qd6 36. Qc1 Qe7 37. Bh6+ Kf7 38. Qc4+ Qe6 39.
Qc7+ Be7 40. Qb7 Qc4 41. Bg5 Qe4+ 42. Qxe4 fxe4 43. Bd2 Ke6 44. Kf1 Kd5 45. b3
Kc5 46. Ke2 Kb5 47. h4 h5 48. Bc3 Bc5 49. Be1 Bb4 50. Bd2 Bxd2 51. Kxd2 Kb4
52. Kc2 Ka3 53. Kc3 a5 54. Kc2 Ka2 55. Kc3 Kb1 0-1

[Event "Panamericano Sub 18 Absoluto"]
[Site "Cali, COL"]
[Date "2011.07.04"]
[Round "3.09"]
[White "Martinez Sanchez, David R"]
[Black "Cutipa, Elfer"]
[Result "0-1"]
[WhiteElo "1940"]
[BlackElo "2090"]

1. d4 d5 2. c4 e6 3. Nc3 Nf6 4. cxd5 exd5 5. Bg5 Nbd7 6. e3 c6 7. Bd3 Be7 8.
Nge2 Nf8 9. O-O Ne6 10. Bh4 O-O 11. f3 b6 12. Bf2 Bb7 13. Rc1 g6 14. Qd2 Qd7
15. Rfd1 Rfd8 16. Bb1 Qe8 17. Qe1 c5 18. dxc5 bxc5 19. Rd2 Rd7 20. Rcd1 Rad8
21. Bc2 Bc6 22. Bb3 c4 23. Bc2 Bc5 24. Nd4 Nxd4 25. exd4 Qxe1+ 26. Rxe1 Bb4
27. Bh4 Kg7 28. Rde2 Rb7 29. Bg3 Ba5 30. Bb1 Rxb2 31. Rxb2 Bxc3 32. Rbe2 Bxe1
33. Rxe1 Nh5 34. Be5+ f6 35. Bc7 Rd7 36. Ba5 Kf7 37. a3 Nf4 38. Bc3 Ba4 39.
g3 Ne6 40. Re2 Bd1 41. Rf2 Rb7 42. Bc2 Bxc2 43. Rxc2 Rb3 44. a4 Ra3 45. a5 Rb3
46. Kf2 Nc7 47. Ke2 Nb5 48. Ba1 Ra3 0-1

[Event "Panamericano Sub 18 Absoluto"]
[Site "Cali, COL"]
[Date "2011.07.04"]
[Round "3.11"]
[White "Versosa Bravo, Johann"]
[Black "Crespo Hidalgo, Carlos"]
[Result "1/2-1/2"]
[WhiteElo "1965"]
[BlackElo "1939"]

1. d4 f5 2. Bg5 Nf6 3. Bxf6 exf6 4. e3 d5 5. Bd3 Bd6 6. Qf3 g6 7. c3 c6 8. h4
h5 9. Nd2 Be6 10. Nh3 Qc7 11. Qe2 Nd7 12. c4 Bf7 13. c5 Be7 14. O-O O-O 15.
b4 Rfe8 16. Nb3 Bf8 17. Qc2 Bh6 18. a4 Kg7 19. g3 Bxe3 20. fxe3 Qxg3+ 21. Qg2
Rxe3 22. Nf4 g5 23. Nc1 gxf4 24. Bxf5 Nf8 25. Rxf4 Ng6 26. Qxg3 Rxg3+ 27.
Kf2 Nxf4 28. Kxg3 Ne6 29. Ne2 Re8 30. Rg1 Kf8 31. Kf3 Ng7 32. Bd3 Be6 33. Nf4
Bg4+ 34. Kf2 Ne6 35. Nxe6+ Rxe6 36. Rb1 Re7 37. b5 Bd7 38. bxc6 Bxc6 39. a5 a6
40. Rb6 1/2-1/2

[Event "Panamericano Sub 18 Absoluto"]
[Site "Cali, COL"]
[Date "2011.07.04"]
[Round "3.12"]
[White "Escobar, Guido Jose"]
[Black "Esquivia Cuadrado, Franklin"]
[Result "0-1"]
[WhiteElo "1955"]
[BlackElo "1956"]

1. e4 e6 2. d4 d5 3. Nd2 Nf6 4. e5 Nfd7 5. Bd3 c5 6. c3 b6 7. Ne2 Ba6 8. Nf3
Bxd3 9. Qxd3 c4 10. Qc2 Be7 11. Be3 b5 12. Qd2 h6 13. Ng3 Nc6 14. Nh5 Bf8 15.
g4 Qa5 16. O-O O-O-O 17. Qc2 Nb6 18. Nd2 Be7 19. h3 g6 20. Ng3 h5 21. Nf3
hxg4 22. hxg4 Rd7 23. Bg5 Na4 24. Bxe7 Rxe7 25. Kg2 b4 26. Ne2 Rb7 27. cxb4
Nxb4 28. Qd2 Nc6 29. Qxa5 Nxa5 30. b3 Nb6 31. b4 Nc6 32. a3 Na4 33. Rac1 a5 34.
bxa5 Nxa5 35. Ng5 Nb3 36. Rc2 Kd8 37. f4 Ke7 38. Rf3 Na5 39. Nc3 Nxc3 40.
Rfxc3 Rh4 41. Kg3 Rh1 42. Nf3 Rd1 43. Nd2 Nc6 44. Nxc4 dxc4 45. Rxc4 Rb3+ 46.
Kh4 Nxd4 0-1

[Event "Panamericano Sub 18 Absoluto"]
[Site "Cali, COL"]
[Date "2011.07.04"]
[Round "3.13"]
[White "Barreto, Gary"]
[Black "Solano, David"]
[Result "1-0"]
[WhiteElo "1862"]
[BlackElo "1812"]

1. d4 Nf6 2. Nf3 g6 3. c4 c5 4. Nc3 cxd4 5. Nxd4 Bg7 6. e4 d6 7. Be2 Nc6 8.
Be3 Bd7 9. O-O O-O 10. Qd2 Ne8 11. f4 Nxd4 12. Bxd4 e5 13. fxe5 Bxe5 14. Bxe5
dxe5 15. Rad1 Qb6+ 16. Kh1 Bc6 17. Nd5 Bxd5 18. exd5 Nf6 19. c5 Qd8 20. d6
Ne4 21. Qe3 f5 22. Bc4+ Kg7 23. Bd5 Qg5 24. Qxg5 Nxg5 25. Bxb7 Rab8 26. c6 Ne6
27. Rc1 Kf6 28. Rfd1 Nd8 29. c7 Nxb7 30. cxb8=Q Rxb8 31. Rc7 Nd8 32. Rxa7
Rxb2 33. Ra8 Ne6 34. d7 e4 35. Re8 1-0